| 000 | 00760 a2200205 4500 | ||
|---|---|---|---|
| 010 | _aENG-89934 | ||
| 020 |
_a8125033149 _c650.00 |
||
| 035 | _aEN-73467 | ||
| 037 | _bDBAD / PUB | ||
| 082 | 1 | 4 | _a305.40954 |
| 090 |
_c12024 _d12024 |
||
| 245 | 1 |
_aMemsahibs' writings: _cedited by Indrani Sen _bcolonial narratives on Indian women/ |
|
| 260 |
_aNew Delhi _bOrient Longman _c2008 |
||
| 270 |
_a1/24, Asaf Ali Road, _bNew Delhi _e110002 _mdelgeneral@orientlongman.com _cDelhi |
||
| 300 |
_axxix, 313p. _c22 cm (Hb ) |
||
| 500 | _aIncludes glossary, bibliographical references & index. | ||
| 700 | _aSen, Indrani | ||
| 942 |
_adpl _cEN _k305.40954 / MEM |
||
| 999 |
_c11670 _d11670 |
||